000 00480cam a22001337a 4500
008 180718b1964 xxu||||| |||| 00| 0 eng d
082 _aA2:B3 In8
100 _aInternational Institute of Administrative Sciencses
245 _aAdministrative sciences: a select bibliography
260 _aBrussels
_bInternational Institute of Administrative Sciences
_c1964
300 _a31p.
650 _aAdministrative management - Bibliography
650 _aPublic administration - Bibliography
999 _c480005
_d480005